000 00918nam a22002531u 4500
001 12291
003 HDC
007 cr bn ---
008 210209p2003 my eng
040 _aHDC
100 _aRaziah Mat Lin,
_eauthor
_912816
245 0 _aPenilaian kecekapan firma pemprosesan produk makanan berasaskan ikan di Malaysia, 1996-1998 /
_cby Raziah Mat Lin
260 _aSerdang :
_bMalaysian Agricultural Research and Development Institute (MARDI),
_c2003
300 _a2 pages
336 _atext
_2rdacontent
337 _acomputer
_2rdamedia
338 _aonline resource
_2rdacarrier
650 _aFish-based food
_912821
650 _aProduct firms
_912822
856 _zRequest full-text at [email protected]
942 _2lcc
942 _cAR
942 _kJART 003077
999 _c9614
_d9614